[Event "Torquay Walker Minor op"]
[Site "Torquay"]
[Date "2019.09.03"]
[Round "3"]
[White "Robinson, Nette"]
[Black "Gordon, Philip"]
[Result "1-0"]
[WhiteElo "1343"]
[BlackElo "1587"]
[PlyCount "125"]
[EventDate "2019.09.01"]
[EventType "swiss"]
[EventRounds "7"]
[EventCountry "ENG"]
[SourceTitle "CBM 192 Extra"]
[Source "Chessbase"]
[SourceDate "2019.11.06"]
[SourceVersion "1"]
[SourceVersionDate "2019.11.06"]
[SourceQuality "1"]

1. d4 e6 2. Nf3 Nf6 3. e3 b6 4. Bd3 Bb7 5. Nbd2 Be7 6. 0-0 d6 7. c3 Nbd7 8. Re1 0-0 9. e4 e5 10. Qe2 Re8 11. d5 a5 12. b3 Nc5 13. Bb5 Ba6 14. Bxa6 Nxa6 15. c4 Nc5 16. Ba3 Nfd7 17. Nf1 g6 18. Ng3 Bf8 19. Rac1 Bh6 20. Rc3 Bf4 21. Nd2 Bxg3 22. Rxg3 f6 23. Qh5 Re7 24. Qf3 Rf7 25. h4 f5 26. Bxc5 Nxc5 27. Qh5 Qf6 28. exf5 Qxf5 29. Qxf5 Rxf5 30. Nf3 Raf8 31. Rg5 Nd3 32. Rd1 e4 33. Kf1 Nxf2 34. Kxf2 exf3 35. Rxf5 Rxf5 36. gxf3 Kg7 37. Re1 Rf7 38. Kg3 Kh6 39. Kg4 Kg7 40. Re4 h5+ 41. Kg3 Rf5 42. Rf4 Rxf4 43. Kxf4 Kf7 44. Kg5 Kg7 45. f4 Kf7 46. f5 gxf5 47. Kxf5 Kg7 48. Kg5 Kf7 49. Kxh5 Kf6 50. Kg4 Kg6 51. h5+ Kh6 52. Kh4 Kh7 53. Kg5 Kg7 54. h6+ Kh7 55. Kh5 Kh8 56. Kg6 Kg8 57. h7+ Kh8 58. Kh6 a4 59. b4 a3 60. b5 c6 61. bxc6 b5 62. c7 b4 63. c8Q# 1-0

[Event "Dublin Irish op"]
[Site "Dublin"]
[Date "2019.04.22"]
[Round "9"]
[White "Robinson, Nette"]
[Black "Hunter, Sean"]
[Result "0-1"]
[WhiteElo "1343"]
[BlackElo "1720"]
[PlyCount "61"]
[EventDate "2019.04.17"]
[EventType "swiss"]
[EventRounds "9"]
[EventCountry "IRL"]
[SourceTitle "CBM 190 Extra"]
[Source "ChessBase"]
[SourceDate "2019.07.15"]
[SourceVersion "1"]
[SourceVersionDate "2019.07.15"]
[SourceQuality "1"]

1. Nf3 Nf6 2. c4 c5 3. Nc3 Nc6 4. b3 g6 5. Bb2 Bg7 6. Rb1 0-0 7. e3 d6 8. Be2 e5 9. d3 Ne8 10. Nd2 f5 11. f4 exf4 12. exf4 Nc7 13. 0-0 Nd4 14. Bf3 Re8 15. Nd5 Rb8 16. a3 Nxd5 17. Bxd5+ Be6 18. Bf3 Bf7 19. b4 Re3 20. Nb3 Nxb3 21. Qxb3 Bxb2 22. Qxb2 Qe7 23. Rbd1 b6 24. b5 Rd8 25. d4 Bxc4 26. dxc5 bxc5 27. Bd5+ Bxd5 28. Rxd5 Qe4 29. Qa2 Kf8 30. Rdd1 Re2 31. Qa1 0-1

[Event "Dublin Irish op"]
[Site "Dublin"]
[Date "2019.04.21"]
[Round "7"]
[White "Doyle, Peter"]
[Black "Robinson, Nette"]
[Result "1-0"]
[WhiteElo "1420"]
[BlackElo "1343"]
[PlyCount "87"]
[EventDate "2019.04.17"]
[EventType "swiss"]
[EventRounds "9"]
[EventCountry "IRL"]
[SourceTitle "CBM 190 Extra"]
[Source "ChessBase"]
[SourceDate "2019.07.15"]
[SourceVersion "1"]
[SourceVersionDate "2019.07.15"]
[SourceQuality "1"]

1. c4 c5 2. g3 Nc6 3. Bg2 Nf6 4. Nc3 e6 5. d3 d5 6. e3 dxc4 7. Bxc6+ bxc6 8. dxc4 Qxd1+ 9. Nxd1 Be7 10. Nf3 Ne4 11. b3 Bf6 12. Rb1 0-0 13. 0-0 Re8 14. Ba3 e5 15. Rb2 Bg4 16. Kg2 Re6 17. Ne1 Be7 18. f3 Rd8 19. Nf2 Nxf2 20. Kxf2 Bh5 21. e4 g5 22. g4 Bg6 23. Ke2 h5 24. h3 Kg7 25. Nd3 hxg4 26. hxg4 Rh8 27. Ke3 Rh3 28. Rd2 Bd6 29. Bxc5 Bxc5+ 30. Nxc5 Re7 31. Rd7 Kf8 32. Rxe7 Kxe7 33. Rd1 Kf8 34. Rd7 f5 35. exf5 Bxf5 36. gxf5 g4 37. Kf2 Rh2+ 38. Kg3 Rxa2 39. Kxg4 Rf2 40. Kh3 Re2 41. Rxa7 Re3 42. Kg4 Re1 43. Kg5 Rd1 44. Ne6+ 1-0

[Event "Dublin Irish op"]
[Site "Dublin"]
[Date "2019.04.19"]
[Round "4"]
[White "Robinson, Nette"]
[Black "Moran, Hugh"]
[Result "0-1"]
[WhiteElo "1343"]
[BlackElo "1522"]
[PlyCount "98"]
[EventDate "2019.04.17"]
[EventType "swiss"]
[EventRounds "9"]
[EventCountry "IRL"]
[SourceTitle "CBM 190 Extra"]
[Source "ChessBase"]
[SourceDate "2019.07.15"]
[SourceVersion "1"]
[SourceVersionDate "2019.07.15"]
[SourceQuality "1"]

1. Nf3 Nf6 2. g3 d6 3. d4 Nbd7 4. Bg2 e5 5. dxe5 dxe5 6. Bg5 Be7 7. Nbd2 h6 8. Bxf6 Bxf6 9. e4 0-0 10. 0-0 Nb6 11. c3 Qe7 12. Qc2 Be6 13. b3 a5 14. Rfe1 Rfd8 15. Rac1 a4 16. c4 axb3 17. axb3 Nd7 18. c5 Nb8 19. b4 Nc6 20. Qc3 Nd4 21. Qb2 Ra2 22. Qc3 Nb5 23. Qe3 Ra3 24. Qe2 Nd4 25. Qf1 Nxf3+ 26. Nxf3 Bg4 27. Qe2 Rdd3 28. Ra1 Bxf3 29. Bxf3 Rxf3 30. Rad1 Rfb3 31. Qc4 Rc3 32. Qb5 c6 33. Qe2 Rab3 34. Qg4 Rd3 35. Ra1 Qd7 36. Ra8+ Kh7 37. Qh5 Rxb4 38. Rf8 g6 39. Qe2 Kg7 40. Rb8 Rbd4 41. Qa2 Rd1 42. Rxd1 Rxd1+ 43. Kg2 Rd2 44. Qa8 Qd4 45. Rg8+ Kh7 46. Kh3 Qxf2 47. Rxg6 Qxh2+ 48. Kg4 h5+ 49. Kf5 Qf2# 0-1

[Event "Dublin Irish op"]
[Site "Dublin"]
[Date "2019.04.17"]
[Round "1"]
[White "Carroll, Peter"]
[Black "Robinson, Nette"]
[Result "1-0"]
[WhiteElo "2006"]
[BlackElo "1343"]
[PlyCount "53"]
[EventDate "2019.04.17"]
[EventType "swiss"]
[EventRounds "9"]
[EventCountry "IRL"]
[SourceTitle "CBM 189 Extra"]
[Source "ChessBase"]
[SourceDate "2019.06.03"]
[SourceVersion "1"]
[SourceVersionDate "2019.06.03"]
[SourceQuality "1"]

1. d4 Nf6 2. c4 e6 3. Nc3 Bb4 4. Qc2 0-0 5. Bg5 b6 6. e4 Be7 7. e5 Ne8 8. h4 c5 9. Qe4 Nc7 10. Bd3 g6 11. Nb5 Nba6 12. Bh6 Re8 13. Nd6 cxd4 14. h5 Nc5 15. hxg6 Nxd3+ 16. Qxd3 fxg6 17. Qh3 d3 18. Bd2 h5 19. Qg3 Kg7 20. Bh6+ Kh7 21. Nf7 Bb4+ 22. Kf1 Qe7 23. Nf3 Rf8 24. N3g5+ Qxg5 25. Bxg5 Rxf7 26. Qxd3 Ba6 27. Rxh5+ 1-0

[Event "London Classic op U1750 9th"]
[Site "London"]
[Date "2017.12.07"]
[Round "4"]
[White "Robinson, Nette"]
[Black "Kirkland, Arnold G"]
[Result "0-1"]
[WhiteElo "1407"]
[BlackElo "1543"]
[PlyCount "110"]
[EventDate "2017.12.04"]
[EventType "swiss"]
[EventRounds "5"]
[EventCountry "ENG"]
[SourceTitle "CBM 182 Extra"]
[Source "ChessBase"]
[SourceDate "2018.02.23"]
[SourceVersion "1"]
[SourceVersionDate "2018.02.23"]
[SourceQuality "1"]

1. c4 Nf6 2. Nc3 e6 3. e4 d6 4. d3 Be7 5. Nf3 e5 6. Be2 0-0 7. 0-0 c6 8. b3 h6 9. Bb2 Be6 10. Qc2 Nbd7 11. Rad1 Qc7 12. Rfe1 Rac8 13. d4 exd4 14. Nxd4 Bg4 15. Rd3 Nc5 16. Rg3 Bxe2 17. Qxe2 Ne6 18. Nf5 Kh7 19. Rh3 Nf4 20. Qf3 Nxh3+ 21. Qxh3 Rg8 22. Bc1 Bf8 23. Bf4 Re8 24. c5 Qd7 25. cxd6 g5 26. Bg3 Re6 27. e5 Ne8 28. Ne4 b6 29. f4 gxf4 30. Bxf4 Reg6 31. g3 Qe6 32. Rd1 Qd7 33. Qh5 Ng7 34. Nxg7 Bxg7 35. Ng5+ Kh8 36. Nf3 Bf8 37. Nh4 Rg4 38. Qf5 Qxf5 39. Nxf5 Kh7 40. d7 Bc5+ 41. Kg2 Rxf4 42. Nd6 Rf2+ 43. Kh3 Bxd6 44. Rxd6 Rd8 45. a4 Re2 46. Kg4 Rxe5 47. Kf4 Rd5 48. Rxc6 R8xd7 49. Rc4 Rd4+ 50. Ke5 Rxc4 51. bxc4 Kg6 52. h4 Rd3 53. g4 Ra3 54. Kd5 Rxa4 55. c5 Ra5 0-1

[Event "London Classic op U1750 9th"]
[Site "London"]
[Date "2017.12.05"]
[Round "2"]
[White "Robinson, Nette"]
[Black "Yim, Jay"]
[Result "0-1"]
[WhiteElo "1407"]
[BlackElo "1003"]
[PlyCount "46"]
[EventDate "2017.12.04"]
[EventType "swiss"]
[EventRounds "5"]
[EventCountry "ENG"]
[SourceTitle "CBM 182 Extra"]
[Source "ChessBase"]
[SourceDate "2018.02.23"]
[SourceVersion "1"]
[SourceVersionDate "2018.02.23"]
[SourceQuality "1"]

1. c4 e5 2. Nc3 Nf6 3. e4 Nc6 4. Nf3 d6 5. d3 Bg4 6. Be2 Be7 7. 0-0 0-0 8. b3 Re8 9. Bb2 Bxf3 10. Bxf3 Nd4 11. Re1 c6 12. Re3 Qb6 13. Na4 Qa5 14. Bxd4 exd4 15. Re2 Rad8 16. Rb1 d5 17. b4 Bxb4 18. Reb2 Bc3 19. Rxb7 dxe4 20. dxe4 Nxe4 21. Bxe4 Rxe4 22. Qf3 f5 23. Qxf5 Qxf5 0-1

[Event "London Classic op U1750 8th"]
[Site "London"]
[Date "2016.12.12"]
[Round "1"]
[White "Stuart, Brian"]
[Black "Robinson, Nette"]
[Result "1-0"]
[WhiteElo "1691"]
[BlackElo "1422"]
[PlyCount "63"]
[EventDate "2016.12.12"]
[EventType "swiss"]
[EventRounds "5"]
[EventCountry "ENG"]
[SourceTitle "EXT 2019"]
[Source "ChessBase"]
[SourceDate "2018.10.10"]
[SourceVersion "1"]
[SourceVersionDate "2018.10.10"]
[SourceQuality "1"]

1. e4 d5 2. exd5 Nf6 3. d4 e6 4. dxe6 Bxe6 5. Nf3 Be7 6. Bd3 0-0 7. 0-0 Nbd7 8. h3 c5 9. c3 Qc7 10. Be3 Rad8 11. Qc2 Rfe8 12. Ng5 g6 13. Nxe6 fxe6 14. Nd2 Nf8 15. Nf3 c4 16. Be2 Nd5 17. Ne5 Bf6 18. Nxc4 b5 19. Nd2 a6 20. Rac1 Kg7 21. Ne4 Nd7 22. Nxf6 N7xf6 23. Bg5 Rd7 24. Rfe1 Rf7 25. Bf3 Qd6 26. a4 e5 27. axb5 Re6 28. dxe5 Rxe5 29. Qd2 Rfe7 30. Rxe5 Rxe5 31. Bxf6+ Qxf6 32. Bxd5 1-0

[Event "London Crouch op"]
[Site "London"]
[Date "2016.04.02"]
[Round "1"]
[White "Robinson, Nette"]
[Black "Britton, Richard"]
[Result "0-1"]
[WhiteElo "1501"]
[BlackElo "2186"]
[PlyCount "86"]
[EventDate "2016.04.02"]
[EventType "swiss"]
[EventRounds "9"]
[EventCountry "ENG"]
[SourceTitle "CBM 171 Extra"]
[Source "ChessBase"]
[SourceDate "2016.04.26"]
[SourceVersion "1"]
[SourceVersionDate "2016.04.26"]
[SourceQuality "1"]

1. e4 c5 2. Nf3 d6 3. d4 cxd4 4. Nxd4 Nf6 5. Nc3 a6 6. Be2 e5 7. Nf3 h6 8. 0-0 Be6 9. Re1 Nbd7 10. b3 Rc8 11. Bb2 Be7 12. Qd2 0-0 13. Rad1 Qc7 14. Bd3 Rfe8 15. Ne2 Bg4 16. Qe3 d5 17. c3 Bc5 18. Nfd4 exd4 19. cxd4 dxe4 20. dxc5 exd3 21. Qxd3 Qxc5 22. h3 Bxe2 23. Rxe2 Rxe2 24. Qxe2 Re8 25. Qf3 Qc2 26. Bxf6 Nxf6 27. a4 Qe2 28. Qd3 Qxd3 29. Rxd3 Kf8 30. Rc3 Rd8 31. a5 Nd5 32. Rd3 Ke7 33. Rg3 g5 34. Rg4 Nf4 35. Kh2 Rd3 36. h4 f5 37. Rg3 Rxg3 38. fxg3 Nd3 39. hxg5 hxg5 40. Kh3 Kd6 41. g4 Nf2+ 42. Kg3 Nxg4 43. Kf3 Kc5 0-1